000 00250nam a22001097a 4500
999 _c4335
_d4335
008 250206b ||||| |||| 00| 0 eng d
020 _a9780333720011
082 _a823.914
100 _aDONALDSON,JULIA
_eAUTHOR
245 _aMONKEY PUZZLE
942 _2ddc